00490nam a2200193Ia 4500008004000000020001800040041000800058082001700066100001200083245006200095260004500157300001200202650001600214650001400230650001400244650001600258650001400274650000800288210210b2009 xxu||||| |||| 00| 0 eng d a9780199582464 aeng a658.023 TRIC aTRICKER aCorporate governance: principles, policies, and practices aNew YorkbOxford University Pressc2009 axvi,431 aprinciples, apractices apolicies, agovernance: aCorporate aand